[Event "GRE-ch U18"]
[Site "Athens"]
[Date "2024.01.02"]
[Round "1"]
[White "Chasapis, Christos"]
[Black "Papadopoulos, Filippos"]
[Result "0-1"]
[WhiteElo "1267"]
[BlackElo "1745"]
[PlyCount "54"]
[EventDate "2024.01.02"]
[EventType "swiss"]
[EventRounds "9"]
[EventCountry "GRE"]
[SourceTitle "EXT 2025"]
[Source "ChessBase"]
[SourceDate "2024.10.14"]
[SourceVersion "1"]
[SourceVersionDate "2024.10.14"]
[SourceQuality "1"]
[WhiteTeam "Griechenland"]
[BlackTeam "Griechenland"]
[WhiteTeamCountry "GRE"]
[BlackTeamCountry "GRE"]

1. d4 Nf6 2. c4 g6 3. Nc3 Bg7 4. e4 d6 5. h3 Nbd7 6. Be3 e5 7. d5 h5 8. f3 h4 9. Bd3 Nc5 10. b4 Nxd3+ 11. Qxd3 a5 12. b5 b6 13. Bg5 Bf8 14. Nge2 Rh5 15. Be3 Bh6 16. Bxh6 Rxh6 17. Qd2 Rh8 18. Nc1 Qe7 19. a4 Bd7 20. Nd3 Nh5 21. Ne2 f5 22. 0-0-0 0-0-0 23. Rhf1 Rdf8 24. Kc2 Rf7 25. Rde1 Rhf8 26. Qd1 Qg5 27. Rf2 fxe4 0-1

[Event "GRE-ch U14"]
[Site "Thessaloniki"]
[Date "2022.08.24"]
[Round "9"]
[White "Tarchanidis, Nikolaos Christos"]
[Black "Chasapis, Christos"]
[Result "1-0"]
[WhiteElo "1267"]
[BlackElo "1117"]
[PlyCount "101"]
[EventDate "2022.08.18"]
[EventType "swiss"]
[EventRounds "9"]
[EventCountry "GRE"]
[SourceTitle "EXT 2024"]
[Source "ChessBase"]
[SourceDate "2023.10.10"]
[SourceVersion "1"]
[SourceVersionDate "2023.10.10"]
[SourceQuality "1"]

1. c4 Nf6 2. Nc3 g6 3. g3 Bg7 4. Bg2 0-0 5. e4 d6 6. Nge2 c5 7. 0-0 Nc6 8. d3 Ne8 9. Be3 Nc7 10. d4 cxd4 11. Nxd4 Ne6 12. Nde2 Nc7 13. Qd2 Rb8 14. Rac1 b6 15. Bh6 Bb7 16. Bxg7 Kxg7 17. f4 f6 18. f5 g5 19. Nd5 Bc8 20. Rfd1 Nxd5 21. cxd5 Ne5 22. Nd4 Bd7 23. Bf1 Kg8 24. Kg2 Qe8 25. Rc7 a5 26. Rdc1 Rc8 27. Rb7 Rb8 28. Rcc7 Rxb7 29. Rxb7 Qc8 30. Rxb6 Qc7 31. Qxa5 Nc4 32. Bxc4 Qxc4 33. Qc3 Qxa2 34. Rb7 Rc8 35. Nc6 Bxc6 36. dxc6 Qa4 37. Rxe7 Rxc6 38. Qxf6 Qc2+ 39. Kh3 g4+ 40. Kxg4 Qe2+ 41. Kh3 Qh5+ 42. Qh4 Qxh4+ 43. Kxh4 Rb6 44. Rd7 Rxb2 45. Rxd6 Rxh2+ 46. Kg5 Rg2 47. Kf6 h5 48. e5 Rxg3 49. e6 Re3 50. e7 h4 51. Re6 1-0

[Event "GRE-ch U14"]
[Site "Thessaloniki"]
[Date "2022.08.23"]
[Round "8"]
[White "Chasapis, Christos"]
[Black "Seretis, Nikolaos G"]
[Result "1-0"]
[WhiteElo "1117"]
[BlackElo "1094"]
[PlyCount "177"]
[EventDate "2022.08.18"]
[EventType "swiss"]
[EventRounds "9"]
[EventCountry "GRE"]
[SourceTitle "EXT 2024"]
[Source "ChessBase"]
[SourceDate "2023.10.10"]
[SourceVersion "1"]
[SourceVersionDate "2023.10.10"]
[SourceQuality "1"]

1. d4 d5 2. Bf4 Nf6 3. e3 Bf5 4. Bd3 Bg6 5. Nf3 e6 6. Ne5 Nbd7 7. Bg5 Be7 8. Nxd7 Nxd7 9. Bxe7 Qxe7 10. c3 c5 11. Bxg6 hxg6 12. Qe2 c4 13. Nd2 Nb6 14. e4 0-0-0 15. exd5 Nxd5 16. Qxc4+ Kb8 17. g3 Rc8 18. Qe2 Ka8 19. Nf1 Rhe8 20. Ne3 Qc7 21. 0-0 f5 22. Nxd5 exd5 23. Qf3 Qd6 24. Rfe1 Rcd8 25. Re2 Rxe2 26. Qxe2 Qb6 27. Re1 a6 28. Qe7 Rb8 29. Qb4 Qxb4 30. cxb4 Rc8 31. Re7 Rc4 32. Rxg7 Rxb4 33. Rxg6 Rxb2 34. Rd6 Rxa2 35. Rxd5 b5 36. Rc5 b4 37. Rc1 b3 38. Rb1 b2 39. Kg2 a5 40. h4 a4 41. h5 a3 42. h6 Ra1 43. h7 Rxb1 44. h8Q+ Kb7 45. Qh7+ Kb8 46. Qg8+ Kb7 47. Qf7+ Kb8 48. Qe8+ Kc7 49. Qe5+ Kd8 50. Qd6+ Kc8 51. Qxa3 Rg1+ 52. Kxg1 b1Q+ 53. Kg2 Kd7 54. Qa7+ Ke8 55. Qc5 Qe4+ 56. Kh2 Qf3 57. Qe5+ Kf8 58. Qf4 Qd3 59. Qe3 Qc2 60. d5 Qc8 61. d6 Qd7 62. Qh6+ Ke8 63. Qh8+ Kf7 64. Qh7+ Ke6 65. Qxd7+ Kxd7 66. Kg2 Kxd6 67. Kf3 Ke5 68. Ke3 f4+ 69. gxf4+ Kf5 70. Kf3 Kf6 71. Ke4 Ke6 72. f5+ Kf6 73. Kf4 Kf7 74. Ke5 Ke7 75. f6+ Kf7 76. Kf5 Kf8 77. Ke6 Ke8 78. f7+ Kf8 79. f3 Kg7 80. Ke7 Kg6 81. f8Q Kg5 82. Ke6 Kg6 83. Qg8+ Kh5 84. f4 Kh4 85. f5 Kh3 86. Ke5 Kh2 87. Kf4 Kh1 88. Kf3 Kh2 89. Qg2# 1-0

[Event "GRE-ch U14"]
[Site "Thessaloniki"]
[Date "2022.08.21"]
[Round "6"]
[White "Balafoutis, Ilias"]
[Black "Chasapis, Christos"]
[Result "1-0"]
[WhiteElo "1317"]
[BlackElo "1117"]
[PlyCount "71"]
[EventDate "2022.08.18"]
[EventType "swiss"]
[EventRounds "9"]
[EventCountry "GRE"]
[SourceTitle "EXT 2024"]
[Source "ChessBase"]
[SourceDate "2023.10.10"]
[SourceVersion "1"]
[SourceVersionDate "2023.10.10"]
[SourceQuality "1"]

1. d4 Nf6 2. c4 g6 3. Nc3 Bg7 4. e4 d6 5. h3 0-0 6. Be3 Nbd7 7. g4 e5 8. d5 Nb6 9. Qd2 Ne8 10. 0-0-0 f5 11. gxf5 gxf5 12. exf5 Bxf5 13. Bd3 Bxd3 14. Qxd3 Nf6 15. Nge2 Qe7 16. Ng3 Kf7 17. Nf5 Qd7 18. Nxg7 Kxg7 19. Ne4 Nxe4 20. Qxe4 Qf5 21. Rdg1+ Kh8 22. Qg4 Qxg4 23. Rxg4 Rg8 24. Bg5 Raf8 25. Rhg1 Nd7 26. Bh6 Rxg4 27. Rxg4 Rxf2 28. Rg7 Rf6 29. Rxd7 Rxh6 30. Rxc7 Rxh3 31. c5 Rh6 32. b4 Rh1+ 33. Kc2 Rh2+ 34. Kb3 Rh3+ 35. Ka4 Rd3 36. cxd6 1-0

[Event "GRE-chT 47th"]
[Site "Patras"]
[Date "2019.07.02"]
[Round "1.1"]
[White "Chasapis, Christos"]
[Black "Papaioannou, Dimitrios1"]
[Result "0-1"]
[WhiteElo "1029"]
[BlackElo "1629"]
[PlyCount "124"]
[EventDate "2019.07.02"]
[EventType "team-swiss"]
[EventRounds "7"]
[EventCountry "GRE"]
[SourceTitle "CBM 191 Extra"]
[Source "ChessBase"]
[SourceDate "2019.09.30"]
[SourceVersion "1"]
[SourceVersionDate "2019.09.30"]
[SourceQuality "1"]
[WhiteTeam "Mrs National Alexandroupolis"]
[BlackTeam "Nikaia Fysiolatris"]
[WhiteTeamCountry "GRE"]
[BlackTeamCountry "GRE"]

1. e4 e5 2. Nf3 Nc6 3. Bb5 a6 4. Ba4 Nf6 5. d3 b5 6. Bb3 Be7 7. c3 d6 8. 0-0 0-0 9. Re1 Na5 10. Bc2 c5 11. Nbd2 Qc7 12. Nf1 Re8 13. d4 Bf8 14. Ne3 g6 15. a4 Bd7 16. d5 c4 17. b4 cxb3 18. Bxb3 Nxe4 19. Ng4 Bxg4 20. Rxe4 Bxf3 21. gxf3 Qxc3 22. Bd2 Qxb3 23. Bxa5 Qxd1+ 24. Rxd1 Rec8 25. axb5 axb5 26. Bb4 f5 27. Re2 Kf7 28. Kg2 f4 29. Kf1 h5 30. h4 Ke8 31. Kg2 Kd7 32. Kh2 Be7 33. Rg1 Bxh4 34. Rxg6 Be7 35. Kg2 Ra1 36. Re1 Rxe1 37. Bxe1 Rc1 38. Bb4 Rb1 39. Ba5 Rd1 40. Rg7 Rxd5 41. Kf1 Rd1+ 42. Kg2 Ra1 43. Bb4 Rb1 44. Ba5 b4 45. Rg8 Ke6 46. Rb8 d5 47. Rb6+ Kf5 48. Rb5 d4 49. Bc7 Bf6 50. Bd6 b3 51. Ba3 h4 52. Kh3 d3 53. Rd5 b2 54. Bxb2 Rxb2 55. Rxd3 Rxf2 56. Rd2 Rxf3+ 57. Kh2 e4 58. Re2 e3 59. Kg2 Kg4 60. Ra2 h3+ 61. Kh2 Rf2+ 62. Rxf2 exf2 0-1